{"text_format":"3","workbook":"xls","n_sheets":3,"sheets":["Sheet1","Sheet2","Sheet3"],"read":"whole","date_system":"1900","formulas":"cached_only"}

{"sheet":"Sheet1","index":0,"n_rows":24,"n_cols":7,"rows_kept":24,"merged":[[0,0,0,6],[20,0,20,4],[21,0,21,1],[21,2,21,6],[22,0,22,6],[23,0,23,6]],"flags":["formulas_cached_only"]}
["泉州市特殊教育学校洽谈室提升配套安装服务采购"]
["序号","项目","单位","数量","单价(元）","总价(元）","备注"]
["01","原墙面装饰板及基层拆除","㎡",87,8,696,"保护原有天棚吊顶"]
["02","原地面塑胶地板拆除","㎡",86,8,688,"塑胶地板拆除、胶层面清除"]
["04","原有灯具拆除","盏",16,8,128,"所有灯具拆除，保护部分线路"]
["05","原有吊顶油漆饰面铲除","㎡",64,8,512,"铲至沙浆层或木作面层"]
["06","垃圾清运","项",1,1000,1000,"包含本项目所有垃圾清扫、清运"]
["07","墙面碳晶板","㎡",87,230,20010,"0.8CM厚布纹碳晶板及木纹碳晶板（颜色甲方确定），18mm阻燃板基层，优质配件，10mm厚U型(内嵌)及L型阳线收口线、玻璃胶等材料"]
["08","内嵌式铝合金踢脚线","m",40,20,800,"阻燃板基层，内嵌铝合金踢脚线。颜色甲方确定。"]
["09","矮柜","m",5,800,4000,"4.8m*0.40m*0.90m，18mm多层实木板基层，三聚氰安饰面，优质五金配件（颜色甲方确定）。"]
["10","水吧台","m",1.5,3500,5250,"1.4m*0.60m*0.85m，18mm多层实木板基层，三聚氰安饰面（颜色甲方确定），20mm厚米黄色优质石英石台面，304不锈钢实厚0.8手工盆，高标广东水镀龙头，优质给排水配件。(参考品牌：九牧、恒洁、法恩莎、中宇）"]
["11","吊顶无机涂料油漆","㎡",64,48,3072,"无机涂料两遍腻子，打磨，一遍底漆两遍面漆。(参考品牌：三棵树、立邦漆、多乐士、紫荆花）"]
["12","透光软膜","㎡",23,225,5175,"含内置LED灯带，优质透光膜材及加厚铝合金框。"]
["14","烤漆木纹不锈钢门","樘",1,5500,5500,"双开门（2.8m*1.65m)，实厚0.8mm，304不锈钢砂面板。"]
["15","三层实木地板","㎡",86,175,15050,"优质18mm厚，含铝合金收口条、防潮垫及实木地板所需配件。"]
["16","门头石","项",1,350,350,"优质20mm厚米黄色大理石"]
["17","窗台压顶石","米",8,125,1000,"优质20mm厚米黄色大理石"]
["19","LED筒灯","盏",16,40,640,"功率:12W，光束角:70°，色温:4000K，显指:Ra90，光通量:1080lm，利用原有灯孔安装(参考品牌：欧普、雷士、佛山、飞利浦）"]
["21","插座","个",18,15,270,"强电插座、开关面板及弱电插座(参考品牌：公牛、西门子、施耐德、西蒙）"]
["22","线路改造","项",1,4500,4500,"强电线不低于2.5平的南平太阳牌、弱电超6类网线、品牌PPR给水管、优质PVC排水管，食品级净水管，优质同类型同品牌配件。"]
["项目控制总金额（元）",{"$nulls":4},68641]
["投标报价",null,"优惠率　  % ，（如商品原价100元，优惠15元，优惠率便是15%。）"]
["说明：1、所有材料均需优质或国标，材料经甲方确认样品后方可进场施工。2.该报价为完成采购项目清单中所需品牌的材料、运输、装卸、安装、调试、验收、利润、税费、人工、售后服务等一切费用。    "]
["报价单位（盖章）：                       \n\n联系人：                                  \n\n联系电话：                              \n\n\n                                            报价时间：     年    月    日                                 \n"]

{"sheet":"Sheet2","index":1,"n_rows":0,"n_cols":0,"rows_kept":0,"flags":["formulas_cached_only"]}

{"sheet":"Sheet3","index":2,"n_rows":0,"n_cols":0,"rows_kept":0,"flags":["formulas_cached_only"]}